01190pam a2200265 a 45000010005000000030008000050050017000130080041000300200015000710350018000860400032001040410008001360820026001441110122001702450257002922600039005493000033005885040051006216500030006726500057007026500032007597000022007917100037008137100074008509510BD-RjUL20211208234806.0140121s1981 nyua b 101 0 eng  a0121858804 a(BD-RjUL)9555 aDLCcDLCdDLCdBD-RjULbeng aeng00a621.471219bPHO 19812 aInternational Conference on the Photochemical Conversion and Storage of Solar Energyn(3rd :d1980 :cBoulder, Colo.)10aPhotochemical conversion and storage of solar energy /cedited by John S. Connolly ; [sponsored by the Solar Energy Research Institute, Golden, Colorado and the Division of Chemical Sciences, Office of Basic Energy Sciences, U.S. Department of Energy]. aNew York :bAcademic Press,c1981. axi, 444 p. :bill. ;c24 cm. aIncludes bibliographical references and index. 0aSolar energyxCongresses. 0aPhotochemistryxIndustrial applicationsxCongresses. 0aEnergy storagexCongresses.1 aConnolly, John S.2 aSolar Energy Research Institute.1 aUnited States.bDepartment of Energy.bDivision of Chemical Sciences.